000
00205 a2200109 4500
020
_a
9781558857476
041
_a
spa
100
_a
Zepeda;Gwendolyn
245
_a
Paso de nivel
942
_c
BK
952
_7
1
999
_c
19990
_d
19990